Sociálna poisťovňa (s komentárom). Všeobecná zdravotná poisťovňa (s dôvodovou správou)

Salvato in:
Dettagli Bibliografici
Autore principale: Rusiňák, Peter
Altri autori: Novotná, Eleonóra
Natura: Libro
Lingua:slovacco
Pubblicazione: Bratislava EPOS 1994
Edizione:1. vyd.
Soggetti:
Tags: Aggiungi Tag
Nessun Tag, puoi essere il primo ad aggiungerne!!

MARC

LEADER 00000nam a2200000 4500
001 c012010
005 20221214075417.3
020 |a 80-85703-82-3 
041 0 |a slo 
044 |a SK 
245 1 0 |a Sociálna poisťovňa (s komentárom). Všeobecná zdravotná poisťovňa (s dôvodovou správou)  |c Peter Rusiňák, Eleonóra Novotná 
250 |a 1. vyd. 
264 1 |a Bratislava  |b EPOS  |c 1994 
300 |a 104 s. 
610 2 0 |a Sociálna poisťovňa Bratislava 
610 2 0 |a Všeobecná zdravotná poisťovňa Bratislava 
610 2 0 |a Slovensko 
610 2 0 |a predpisy právne 
610 2 0 |a poisťovne 
610 2 0 |a 1994 
100 1 |a Rusiňák, Peter 
700 1 |a Novotná, Eleonóra